History Quiz

Random History or Decade Quiz
Score 0/10 Timer 05:00
1 Play Today
Question Answer Wrong Answers
September 11th Attacks September 11th Attacks
97.2%
U.S. invasion of Panama
0.6%
London's 7/7 Attacks
1.2%
World War I World War I
93.1%
Russo Japanese War
3.5%
World War II
2.4%
The War in Afghanistan The War in Afghanistan
92.4%
War in Darfur
3.1%
Syrian Civil War
3.4%
Vietnam War Vietnam War
91.3%
World War II
3.4%
Korean War
4.3%
World War II World War II
91%
Yom Kippur War
1.9%
World War I
5.9%
Plains Indians Wars Plains Indians Wars
91%
Spanish Civil War
6%
Spanish Civil War
1.8%
Spanish American War Spanish American War
90.9%
World War I
3.4%
World War II
4.5%
U.S. Civil War U.S. Civil War
88.4%
Second Boer War
4.9%
World War II
5.7%
First Persian Gulf War First Persian Gulf War
88.3%
Chinese Soldiers Training
3.7%
The Balkans War
6.9%
Cuban Missile Crisis Cuban Missile Crisis
83.8%
Angolan Civil War
13.4%
Russian Revolution
1.8%
Remove Ads.
Support Sporcle.
Get the best of Sporcle when you Go Orange. This ad-free experience offers more features, more stats, and more fun while also helping to support Sporcle. Thank you for becoming a member.

You're not logged in!

Compare scores with friends on all Sporcle quizzes.
OR
Log In

Show Comments

Extras

Top Quizzes Today


Score Distribution

Your Account Isn't Verified!

In order to create a playlist on Sporcle, you need to verify the email address you used during registration. Go to your Sporcle Settings to finish the process.

Report this User

Report this user for behavior that violates our Community Guidelines.

Details: